000 01328cai a22002175a 4500
001 L137185
008 070321u xxk g 000 0 eng d
035 _a(Sirsi) u137185
041 0 _aeng
110 1 _aUnited Kingdom
_bDepartment for Communities and Local Government
_94939
245 0 0 _aEnergy performance of buildings
_h[electronic resource]
520 _aDCLG web pages outlining energy and cost saving measures to make buildings more efficient. The measures span three key areas: Energy Performance Certificates and Display Energy Certificates; boilers; and air conditioning systems. The web pages cover: the background and timescale to the measures; energy assessor qualification and accreditation; the process of carrying out energy assessments and how to assess different types of building; brief guidance for landlords, builders/developers and homeowners on the measures; and FAQs.
590 _aKA
650 2 4 _aRESIDENTIAL ENERGY PERFORMANCE CERTIFICATES
650 2 4 _aDIRECTIVE 2002/91/EC
651 4 _aEngland and Wales
_y1543-
690 _aENVIRONMENTAL AND LAND CONSULTANCY-ENERGY-ENERGY USE-ENERGY EFFICIENCY
690 _aBUILT ENVIRONMENT-BUILDING STANDARDS
856 4 0 _uhttps://www.communities.gov.uk/index.asp?id=1504720
_zView the website free of charge at www.communities.gov.uk...
942 _n0
999 _c120585
_d120585